000 00314nam a2200133Ia 4500
005 20251222143233.0
008 251222s9999||||xx |||||||||||||| ||spa||
020 _a84-345-6184-0
082 _a759.054/A47
100 _aAlba, MarĂ­a Dolores
245 0 _aImpresionismo
264 _bSalvat Editores
942 _cLIB
999 _c14260
_d14260